000
00407nam a2200133Ia 4500
008
100328s9999 xx 000 0 und d
082
_b
57759
100
_a
घाटे निरंजन
245
_a
अकरा सप्टेंबर
260
_b
प्राजक्ता
630
_a
अकरा सप्टेंबर
730
_a
अकरा सप्टेंबर
942
_c
BOOK
999
_c
544182
_d
544179